Все суда - Statistics

General Stats
  • This quiz has been taken 2 times
  • The average score is 47 of 50
Answer Stats
Hint Answer % Correct
Краб готовый Арина
100%
Краб готовый Регул
100%
Краб готовый Святогор
100%
Краб живой Бекас
100%
Краб живой Гринда
100%
Краб живой Кречет
100%
Краб живой Ламантин
100%
Краб живой Механик Степанов
100%
Краб живой Механик Цуранов
100%
Краб живой Таланг
100%
Краб живой Титанит
100%
Кран Плавкран Шпанберг
100%
Пассажир Афина
100%
Пассажир Плейона
100%
Трал Авача
100%
Трал Арктик Лидер
100%
Трал Мыс Чупрова
100%
Транспорт Бухта Наталии
100%
Транспорт Камчатский пролив
100%
Транспорт Корона Рифер
100%
Транспорт Мыс Островной
100%
Транспорт Поисковик
100%
Ярус Афалина
100%
Ярус Командор
100%
Ярус Сарда
100%
Буксир Портовик 1
100%
Водолазы, драга Островной 1
100%
Краб живой Калан 1
100%
Трал Островной 10
100%
Насос Островной 11
100%
Насос Островной 12
100%
Насос Островной 13
100%
Трал Островной 14
100%
Трал Островной 15
100%
Буксир Портовик 2
100%
Краб живой Калан 2
100%
Краб живой Островной 2
100%
Снюрревод Островной 3
100%
Снюрревод Островной 4
100%
Краб живой Островной 5
100%
Краб живой Островной 6
100%
Краб живой Островной 7
100%
Трал Островной 8
100%
Ярус Островной 9
100%
Краб живой Ларга
50%
Трал Антур
50%
Транспорт Виталий Шмыков
50%
Ярус Даллия
50%
Ярус Мерланг
50%
Трал Ахтиар
0%
No matching quizzes found
Score Distribution
Percent of People with Each Score
Percentile by Number Answered
Your Score History
You have not taken this quiz